[Event "5th European Individual Chess "]
[Site "Justiniano Hotel Belek, Turke"]
[Date "2004.05.18"]
[Round "4.28"]
[White "Aleskerov, Faik"]
[Black "Mazi, Leon"]
[Result "1/2-1/2"]
[WhiteElo "2167"]
[BlackElo "2417"]
[PlyCount "153"]
[EventDate "2004.??.??"]

1. d4 Nf6 2. Nf3 g6 3. e3 Bg7 4. Bd3 O-O 5. O-O d6 6. e4 c6 7. c3 Nbd7 8. e5
Ne8 9. Bf4 dxe5 10. dxe5 Nc5 11. Bc2 Qxd1 12. Rxd1 Nc7 13. c4 Bg4 14. Nbd2 Rfd8
15. h3 Bf5 16. Bxf5 gxf5 17. Bg3 Kf8 18. Nb3 N5e6 19. Bh4 Rxd1+ 20. Rxd1 Ke8
21. Na5 Rb8 22. Kf1 Na6 23. g4 fxg4 24. hxg4 Nac5 25. b4 Nd7 26. Bg3 Rc8 27.
Nxb7 Rb8 28. Na5 Rxb4 29. Nxc6 Rxc4 30. Nxa7 Rxg4 31. Rc1 Ndc5 32. Nb5 Ra4 33.
Nc7+ Kd7 34. Nxe6 Nxe6 35. Rc2 Bh6 36. Rb2 Ra3 37. Nh4 Bg5 38. Nf5 h5 39. Kg2
Nf4+ 40. Bxf4 Bxf4 41. Rb7+ Ke6 42. Ng7+ Kxe5 43. Nxh5 Bd2 44. Rxe7+ Kd6 45.
Re2 Bg5 46. Ng3 Kd5 47. Rb2 Kd4 48. Kh3 Kc3 49. Re2 Kd3 50. Kg4 Bd2 51. Re7
Rxa2 52. Rd7+ Kc4 53. Ne4 Bb4 54. Rxf7 Kd5 55. Kf5 Ra8 56. Rb7 Be1 57. f4 Rf8+
58. Nf6+ Kc6 59. Re7 Bd2 60. Re6+ Kc7 61. Ke4 Bxf4 62. Kxf4 Ra8 63. Ke5 Ra1 64.
Nd5+ Kd7 65. Re7+ Kd8 66. Rb7 Ra6 67. Nb6 Ra1 68. Kd6 Ke8 69. Nc4 Ra6+ 70. Ke5
Ra1 71. Ke6 Re1+ 72. Ne5 Kd8 73. Rb2 Kc7 74. Rd2 Rc1 75. Kd5 Rh1 76. Rc2+ Kd8
77. Rg2 1/2-1/2

[Event "5th European Individual Chess "]
[Site "Justiniano Hotel Belek, Turke"]
[Date "2004.05.18"]
[Round "4.29"]
[White "Kristjansson, Stefan"]
[Black "Bente, Bjoern"]
[Result "1-0"]
[WhiteElo "2404"]
[BlackElo "2219"]
[PlyCount "79"]
[EventDate "2004.??.??"]

1. e4 e6 2. d4 d5 3. e5 c5 4. c3 Nc6 5. Nf3 Bd7 6. Be2 Nge7 7. Na3 Ng6 8. h4
cxd4 9. cxd4 Bb4+ 10. Kf1 O-O 11. h5 Nh8 12. Bd3 Be7 13. Qc2 g6 14. Qd2 f5 15.
hxg6 Nxg6 16. Rxh7 Rf7 17. Rh3 Rg7 18. Nc2 Kf7 19. Be2 Qg8 20. b3 Rc8 21. Ba3
Bd8 22. Rc1 Nce7 23. Nce1 Rxc1 24. Qxc1 Ke8 25. g3 Rh7 26. Rxh7 Qxh7 27. Kg1
Nc6 28. Ng2 Qh3 29. Nf4 Qh6 30. Nxg6 Qxg6 31. Kg2 Qg7 32. Qh1 Be7 33. Bxe7 Nxe7
34. Qc1 Nc6 35. Bb5 Nd8 36. Qc7 Qe7 37. Be2 Qb4 38. Nh4 Nf7 39. Bh5 Qb5 40.
Qb8+ 1-0

[Event "5th European Individual Chess "]
[Site "Justiniano Hotel Belek, Turke"]
[Date "2004.05.18"]
[Round "4.30"]
[White "Bayram, Yakup"]
[Black "Soylu, Suat"]
[Result "1/2-1/2"]
[WhiteElo "2292"]
[BlackElo "2397"]
[PlyCount "107"]
[EventDate "2004.??.??"]

1. d4 Nf6 2. c4 c5 3. d5 g6 4. Nc3 d6 5. e4 Bg7 6. f3 O-O 7. Bg5 e6 8. Qd2 h6
9. Be3 exd5 10. cxd5 a6 11. O-O-O h5 12. Bh6 b5 13. Bxg7 Kxg7 14. h4 Rh8 15.
Nce2 Nbd7 16. Nf4 Ne5 17. Kb1 Qe7 18. Nfh3 Bxh3 19. Nxh3 b4 20. Rc1 a5 21. Ng5
Rac8 22. Bc4 Nxc4 23. Rxc4 Nd7 24. f4 Nb6 25. Rcc1 Nd7 26. Rhf1 Nf6 27. e5 Ng4
28. Rce1 Nh6 29. exd6 Qxd6 30. Ne4 Qb6 31. f5 Nxf5 32. d6 Rce8 33. Qd5 f6 34.
Rxf5 gxf5 35. Qxf5 Rxe4 36. Qxe4 Qxd6 37. Qf3 c4 38. Rd1 Qe6 39. Ka1 c3 40.
bxc3 bxc3 41. Qg3+ Kf7 42. Qxc3 Qe5 43. Rd7+ Kg6 44. Qxe5 fxe5 45. Kb2 Kf5 46.
Rg7 e4 47. Kc3 Kf4 48. Kd2 Rb8 49. Rf7+ Kg4 50. Ke3 Kxh4 51. Kxe4 Rb2 52. Kf3
Rxa2 53. Rf5 Ra3+ 54. Kf4 1/2-1/2

[Event "5th European Individual Chess "]
[Site "Justiniano Hotel Belek, Turke"]
[Date "2004.05.18"]
[Round "4.31"]
[White "Thorfinnsson, Bjorn"]
[Black "Goksel, Doga Cihan"]
[Result "1-0"]
[WhiteElo "2345"]
[BlackElo "2130"]
[PlyCount "75"]
[EventDate "2004.??.??"]

1. d4 d5 2. Bg5 h6 3. Bh4 c6 4. Nf3 Qb6 5. b3 Bf5 6. e3 Nd7 7. Bd3 Bxd3 8. Qxd3
a5 9. Nbd2 Qa6 10. c4 e6 11. O-O Be7 12. Bg3 Ngf6 13. Ne5 Nxe5 14. Bxe5 O-O 15.
e4 Nd7 16. Bf4 Bf6 17. Bd6 Rfe8 18. f4 c5 19. e5 Be7 20. Bxe7 Rxe7 21. Qf3 dxc4
22. Nxc4 cxd4 23. Rad1 b5 24. Nd6 Rd8 25. Rxd4 f6 26. Rfd1 fxe5 27. fxe5 Nxe5
28. Qe4 Nc6 29. Nf5 Rxd4 30. Nxe7+ Kf7 31. Qg6+ Kxe7 32. Qxg7+ Ke8 33. Rf1 Ne7
34. Rf8+ Kd7 35. Qxd4+ Nd5 36. Qc5 Qb6 37. Rf7+ Kd8 38. Qxb6+ 1-0

[Event "5th European Individual Chess "]
[Site "Justiniano Hotel Belek, Turke"]
[Date "2004.05.18"]
[Round "4.32"]
[White "Esen, Baris"]
[Black "Atakisi, Umut"]
[Result "0-1"]
[WhiteElo "2262"]
[BlackElo "2344"]
[PlyCount "98"]
[EventDate "2004.??.??"]

1. c4 Nf6 2. d4 g6 3. f3 d5 4. cxd5 Nxd5 5. e4 Nb6 6. Nc3 Bg7 7. Be3 e5 8. d5
O-O 9. Qd2 c6 10. h4 cxd5 11. exd5 h5 12. g4 Na6 13. gxh5 gxh5 14. Bg5 Qd6 15.
Rd1 Bf5 16. Ne4 Qg6 17. Ng3 e4 18. Nxf5 Qxf5 19. Bh3 Qe5 20. f4 Qxb2 21. Qxb2
Bxb2 22. Ne2 Nb4 23. Ng3 N6xd5 24. Nf5 Nd3+ 25. Kf1 N5xf4 26. Nh6+ Kh8 27. Bxf4
Nxf4 28. Rd7 Rac8 29. Kf2 Rc2+ 30. Ke3 Nxh3 31. Nxf7+ Kg7 32. Ng5+ Kg6 33. Nxh3
Rc3+ 34. Ke2 Rff3 35. Ng5 Rc2+ 36. Rd2 Rxd2+ 37. Kxd2 Ra3 38. Nxe4 Rxa2 39. Ke3
Kf5 40. Nd6+ Ke5 41. Nc4+ Kd5 42. Kd3 b5 43. Nxb2 Rxb2 44. Ra1 Rh2 45. Rxa7
Rh3+ 46. Kc2 Rxh4 47. Kb3 Rf4 48. Rh7 Rf5 49. Re7 Re5 0-1

[Event "5th European Individual Chess "]
[Site "Justiniano Hotel Belek, Turke"]
[Date "2004.05.18"]
[Round "4.33"]
[White "Mamedjarova, Zeinab"]
[Black "Demirel, Tolga"]
[Result "1-0"]
[WhiteElo "2343"]
[BlackElo "2183"]
[PlyCount "89"]
[EventDate "2004.??.??"]

1. d4 d5 2. c4 e6 3. Nf3 Nf6 4. Nc3 Bb4 5. Bg5 h6 6. Bxf6 Qxf6 7. e3 O-O 8. Bd3
c5 9. a3 cxd4 10. exd4 dxc4 11. Bxc4 Bxc3+ 12. bxc3 Nc6 13. O-O b6 14. Bd3 Bb7
15. Be4 Na5 16. Bxb7 Nxb7 17. Ne5 Rfd8 18. Re1 Rac8 19. Re3 Rc7 20. Rf3 Qg5 21.
Nxf7 Rxf7 22. Rxf7 Kxf7 23. Qf3+ Qf6 24. Qxb7+ Qe7 25. Qe4 Rc8 26. Qe3 Qc7 27.
Re1 Qc4 28. h4 Rc6 29. Qf4+ Kg8 30. Re3 Rc7 31. Rf3 Qc6 32. h5 Qd7 33. Rg3 Qf7
34. Qe5 Qd7 35. Qe3 Kh8 36. Qe4 Qd5 37. Qg6 Re7 38. Re3 b5 39. Re5 Qd7 40. Qe4
Kg8 41. d5 Kf7 42. Qg6+ Kf8 43. dxe6 Qd6 44. Rf5+ Kg8 45. Rf7 1-0

[Event "5th European Individual Chess "]
[Site "Justiniano Hotel Belek, Turke"]
[Date "2004.05.18"]
[Round "4.34"]
[White "Karadeniz, Emre"]
[Black "Erdogan, Hakan"]
[Result "1-0"]
[WhiteElo "2310"]
[BlackElo "2252"]
[PlyCount "57"]
[EventDate "2004.??.??"]

1. d4 d5 2. c4 e6 3. Nc3 c5 4. cxd5 exd5 5. Nf3 Nc6 6. g3 Nf6 7. Bg2 Be7 8. O-O
O-O 9. Bg5 cxd4 10. Nxd4 Re8 11. Rc1 h6 12. Bf4 a6 13. Re1 g5 14. Be3 Ne5 15.
Nb3 Be6 16. Bd4 Nc4 17. Nc5 Nxb2 18. Qb3 Nc4 19. Qxb7 Qd6 20. Bxf6 Bxf6 21.
Nxd5 Bd4 22. Nxe6 Ra7 23. Qb4 fxe6 24. Qxc4 Qe5 25. Nb4 Rf7 26. e3 Bb6 27. Qxa6
Bc5 28. Nd3 Qf5 29. Rxc5 1-0

[Event "5th European Individual Chess "]
[Site "Justiniano Hotel Belek, Turke"]
[Date "2004.05.18"]
[Round "4.35"]
[White "Makoli, Perparim"]
[Black "Haznedaroglu, Kivanc"]
[Result "0-1"]
[WhiteElo "2228"]
[BlackElo "2395"]
[PlyCount "98"]
[EventDate "2004.??.??"]

1. e4 c5 2. Nf3 Nc6 3. d4 cxd4 4. Nxd4 Nf6 5. Nc3 e5 6. Ndb5 d6 7. Bg5 a6 8.
Na3 b5 9. Nd5 Be7 10. Bxf6 Bxf6 11. c3 Bg5 12. Nc2 Rb8 13. Bd3 O-O 14. Qe2 Be6
15. Nce3 Ne7 16. Nxe7+ Bxe7 17. a4 Qd7 18. axb5 axb5 19. O-O Bd8 20. Ra6 b4 21.
c4 Bb6 22. Nd5 Bc5 23. Kh1 Rbe8 24. f4 exf4 25. Rxf4 f5 26. Ra1 g5 27. Rff1 Qg7
28. Qh5 Bf7 29. Qh3 f4 30. Rae1 Re6 31. Qg4 Kh8 32. g3 Qxb2 33. gxf4 gxf4 34.
Qxf4 Rg6 35. Re2 Qd4 36. Re3 Rgg8 37. Rg3 Rg7 38. Qh6 Rfg8 39. Nf6 Qxd3 40.
Qxg7+ Rxg7 41. Rxd3 Bxc4 42. Ra1 Rg6 43. Rf3 Ba2 44. Nd5 b3 45. Raf1 b2 46.
Rf8+ Kg7 47. Rb8 Bd4 48. Nf4 Rg4 49. Ne6+ Bxe6 0-1

[Event "5th European Individual Chess "]
[Site "Justiniano Hotel Belek, Turke"]
[Date "2004.05.18"]
[Round "4.36"]
[White "Bakalarz, Mieczyslaw"]
[Black "Mamedjarova, Turkan"]
[Result "1-0"]
[WhiteElo "2333"]
[BlackElo "2191"]
[PlyCount "101"]
[EventDate "2004.??.??"]

1. e4 e5 2. Nf3 Nc6 3. d4 exd4 4. Nxd4 Bc5 5. Nb3 Bb6 6. a4 a6 7. Nc3 Qf6 8.
Qe2 Nge7 9. Nd5 Nxd5 10. exd5+ Ne7 11. h4 h6 12. a5 Ba7 13. Bd2 O-O 14. Bc3 Qd6
15. O-O-O Nxd5 16. Rxd5 Qxd5 17. Qg4 g6 18. Qf4 Kh7 19. Bd3 Qd6 20. Be5 Qe6 21.
h5 f5 22. hxg6+ Qxg6 23. Rh3 d6 24. Bc3 Bd7 25. Rg3 Qf7 26. Nd4 Bxd4 27. Qxd4
Rg8 28. Bc4 Qe7 29. Re3 Qg5 30. f4 Qh4 31. Bxg8+ Rxg8 32. g3 Qd8 33. Qd5 Rf8
34. Qxb7 Bb5 35. b3 Qd7 36. Kb2 Qf7 37. Bd4 d5 38. Re5 Rd8 39. Qa7 Kg6 40. Qc5
Rd6 41. Qb4 Bd7 42. Qb8 Be6 43. Re3 Qd7 44. Qh8 Qf7 45. Rc3 Qe7 46. Qe5 Qf7 47.
Qh8 Qe7 48. Bc5 Qd8 49. Qe5 Rc6 50. Bd4 Rxc3 51. Qxe6+ 1-0

[Event "5th European Individual Chess "]
[Site "Justiniano Hotel Belek, Turke"]
[Date "2004.05.18"]
[Round "4.37"]
[White "Idrizaj, Abedin"]
[Black "Ersahin, Bulent"]
[Result "0-1"]
[WhiteElo "2249"]
[BlackElo "2070"]
[PlyCount "58"]
[EventDate "2004.??.??"]

1. e4 c5 2. Nf3 d6 3. d4 cxd4 4. Nxd4 Nf6 5. Nc3 a6 6. Be3 Ng4 7. Bc1 Nf6 8. a4
e6 9. Be2 Be7 10. O-O Nbd7 11. Be3 Qc7 12. f4 b6 13. Bf3 Bb7 14. f5 e5 15. Nb3
O-O 16. g4 h6 17. Qe2 Rfe8 18. Rad1 Rac8 19. Nd2 Bf8 20. h4 d5 21. exd5 e4 22.
Ndxe4 Nxe4 23. Nxe4 Qxc2 24. Qxc2 Rxc2 25. b3 Ne5 26. Bg2 Nxg4 27. Bxb6 Rxg2+
28. Kxg2 Rxe4 29. d6 Re3+ 0-1

[Event "5th EuroChamp"]
[Site "?"]
[Date "2004.05.20"]
[Round "5.10"]
[White "Hulak, Krunoslav"]
[Black "Sargissian, Gabriel"]
[Result "1/2-1/2"]
[WhiteElo "2550"]
[BlackElo "2614"]
[PlyCount "46"]
[EventDate "2004.??.??"]

1. c4 Nf6 2. g3 e6 3. Bg2 d5 4. Nf3 dxc4 5. Qc2 Qd5 6. b3 cxb3 7. Qxc7 Na6 8.
Qf4 Bd6 9. Qa4+ Bd7 10. Qxb3 Qxb3 11. axb3 Nc5 12. Ra3 Nd5 13. Bb2 O-O 14. Ne5
Bb5 15. Nc4 Be7 16. d3 Nb4 17. O-O Bc6 18. Nbd2 Rfd8 19. Raa1 Bxg2 20. Kxg2 f6
21. Rfc1 Nc6 22. Ba3 Nd4 23. Bxc5 Bxc5 1/2-1/2

[Event "5th EuroChamp"]
[Site "?"]
[Date "2004.05.20"]
[Round "5.11"]
[White "Smeets, Jan"]
[Black "Asrian, Karen"]
[Result "1/2-1/2"]
[WhiteElo "2531"]
[BlackElo "2605"]
[PlyCount "60"]
[EventDate "2004.??.??"]

1. e4 c6 2. d4 d5 3. Nc3 dxe4 4. Nxe4 Bf5 5. Ng3 Bg6 6. h4 h6 7. Nf3 Nd7 8. h5
Bh7 9. Bd3 Bxd3 10. Qxd3 e6 11. Bf4 Ngf6 12. O-O-O Be7 13. Ne4 Qa5 14. Kb1 Nxe4
15. Qxe4 Nf6 16. Qe5 Qb5 17. Rd3 Rd8 18. Qxb5 cxb5 19. Ne5 Rd5 20. g4 Bd6 21.
f3 Ke7 22. Rhd1 Nd7 23. c3 Rc8 24. R3d2 Nb6 25. Nd3 Bxf4 26. Nxf4 Rd6 27. a3 a5
28. Ka2 Nd5 29. Nxd5+ Rxd5 30. Kb3 a4+ 1/2-1/2

[Event "5th EuroChamp"]
[Site "?"]
[Date "2004.05.20"]
[Round "5.13"]
[White "Halkias, Stelios"]
[Black "Minasian, Artashes"]
[Result "0-1"]
[WhiteElo "2541"]
[BlackElo "2585"]
[PlyCount "58"]
[EventDate "2004.??.??"]

1. d4 g6 2. c4 Bg7 3. e4 c5 4. d5 d6 5. Nc3 e6 6. Bd3 Nf6 7. h3 O-O 8. Nf3 Na6
9. Bg5 h6 10. Be3 Nc7 11. O-O exd5 12. exd5 b5 13. Qd2 bxc4 14. Bxc4 Kh7 15.
Rfe1 Rb8 16. Bf4 Rb4 17. b3 Ba6 18. a3 Rb6 19. Rab1 Qd7 20. Qc2 Nb5 21. Bxb5
Bxb5 22. Nd2 Nh5 23. Bh2 Ba6 24. Na4 Rbb8 25. Ne4 Qf5 26. g4 Qxd5 27. gxh5 Bd3
28. Nac3 Bxc3 29. Nxc3 Qg5+ 0-1

[Event "5th EuroChamp"]
[Site "?"]
[Date "2004.05.20"]
[Round "5.14"]
[White "Izoria, Zviad"]
[Black "Cheparinov, Ivan"]
[Result "1-0"]
[WhiteElo "2573"]
[BlackElo "2555"]
[PlyCount "75"]
[EventDate "2004.??.??"]

1. d4 d5 2. c4 c6 3. Nf3 Nf6 4. e3 Bf5 5. Nc3 e6 6. Nh4 Bg6 7. Nxg6 hxg6 8. Bd2
Nbd7 9. Qb3 Qc7 10. cxd5 exd5 11. h3 Bd6 12. O-O-O b5 13. Kb1 a5 14. Qc2 O-O
15. g4 Nb6 16. g5 Nh5 17. Bd3 a4 18. Ne2 b4 19. Rc1 Rfc8 20. Qd1 b3 21. a3 Qe7
22. Rc3 c5 23. dxc5 Rxc5 24. Rxc5 Bxc5 25. Bc3 Qxg5 26. h4 Qe7 27. Nf4 d4 28.
Nxg6 fxg6 29. exd4 Bd6 30. Bxg6 Nf4 31. Re1 Qf6 32. Be4 Rc8 33. Qg4 Kf8 34. Ba5
Rb8 35. Bxb6 Rxb6 36. Qc8+ Kf7 37. Bd5+ Kg6 38. Rg1+ 1-0

[Event "5th EuroChamp"]
[Site "?"]
[Date "2004.05.20"]
[Round "5.15"]
[White "Iotov, Valentin"]
[Black "Stocek, Jiri"]
[Result "0-1"]
[WhiteElo "2342"]
[BlackElo "2543"]
[PlyCount "104"]
[EventDate "2004.??.??"]

1. d4 Nf6 2. c4 c5 3. d5 b5 4. cxb5 a6 5. b6 g6 6. Nc3 Bg7 7. Nf3 O-O 8. e4 d6
9. Nd2 Nbd7 10. a4 Nxb6 11. a5 Nbd7 12. Be2 Rb8 13. O-O Ne8 14. Nc4 Nc7 15. Bg5
Nb5 16. Na4 Nf6 17. f3 Re8 18. Nab6 Nd4 19. Rb1 Bd7 20. b4 Nxe2+ 21. Qxe2 cxb4
22. Rxb4 Bb5 23. Qd2 Bxc4 24. Rxc4 Nd7 25. Be3 h5 26. Rfc1 Nc5 27. Bxc5 dxc5
28. Rxc5 Qd6 29. g3 Rbd8 30. Kg2 h4 31. Qf2 e6 32. Nc4 Qd7 33. d6 h3+ 34. Kxh3
Bd4 35. Ne3 Bxc5 36. Rxc5 Qxd6 37. Ng4 Kg7 38. Rc2 Qd4 39. Ne3 Rh8+ 40. Kg2 Rh5
41. Qe1 Rb5 42. h4 Rb2 43. Kh3 Rxc2 44. Nxc2 Qb2 45. Ne3 Rd3 46. Ng4 Rxf3 47.
e5 Qc3 48. Qg1 Qd3 49. Nh2 Qf5+ 50. Ng4 Rc3 51. Qe1 Rc4 52. Qe2 Rd4 0-1

[Event "5th EuroChamp"]
[Site "?"]
[Date "2004.05.20"]
[Round "5.17"]
[White "Pashikian, Arman"]
[Black "Gashimov, Vugar"]
[Result "0-1"]
[WhiteElo "2466"]
[BlackElo "2565"]
[PlyCount "58"]
[EventDate "2004.??.??"]

1. e4 c5 2. Nc3 e6 3. Nf3 Nc6 4. d4 cxd4 5. Nxd4 Nf6 6. a3 Qc7 7. Be3 a6 8. Be2
b5 9. f4 b4 10. axb4 Bxb4 11. Bf3 Bb7 12. Nde2 d5 13. exd5 Nxd5 14. Bxd5 exd5
15. O-O Ne7 16. f5 Bd6 17. Ng3 h5 18. Bd4 O-O-O 19. Rf3 h4 20. Nf1 Nc6 21. Na4
Nxd4 22. Qxd4 Be5 23. Qa7 Qe7 24. Raa3 d4 25. Nb6+ Kc7 26. Rxa6 Rd6 27. Nd2 d3
28. Nb3 d2 29. Nxd2 Rxd2 0-1

[Event "5th EuroChamp"]
[Site "?"]
[Date "2004.05.20"]
[Round "5.18"]
[White "Drabke, Lorenz"]
[Black "Guseinov, Gadir"]
[Result "0-1"]
[WhiteElo "2453"]
[BlackElo "2548"]
[PlyCount "52"]
[EventDate "2004.??.??"]

1. e4 c5 2. Nc3 d6 3. g3 Nc6 4. Bg2 g6 5. d3 Bg7 6. Be3 Nf6 7. h3 O-O 8. Nge2
Rb8 9. f4 Nd7 10. a3 Nd4 11. O-O b5 12. Bf2 Nxe2+ 13. Qxe2 a5 14. Rab1 Ba6 15.
h4 b4 16. axb4 cxb4 17. Nd5 e6 18. Ne3 a4 19. h5 a3 20. hxg6 hxg6 21. Ng4 Qa5
22. e5 dxe5 23. Bc6 exf4 24. Bxd7 Qd5 25. Ba4 Bb7 26. Qe4 Qh5 0-1

[Event "5th EuroChamp"]
[Site "?"]
[Date "2004.05.20"]
[Round "5.20"]
[White "Van Der Stricht, Geert"]
[Black "Petrosian, Tigran L"]
[Result "0-1"]
[WhiteElo "2450"]
[BlackElo "2539"]
[PlyCount "88"]
[EventDate "2004.??.??"]

1. d4 Nf6 2. c4 g6 3. Nc3 d5 4. Nf3 Bg7 5. Qb3 dxc4 6. Qxc4 O-O 7. e4 a6 8. e5
b5 9. Qb3 Nfd7 10. h4 c5 11. e6 c4 12. Qd1 Nb6 13. exf7+ Rxf7 14. h5 Nc6 15.
hxg6 hxg6 16. Be3 Nd5 17. a4 Rb8 18. axb5 axb5 19. Bh6 Nf4 20. Bxg7 Kxg7 21. g3
Ne6 22. d5 Nb4 23. Be2 Rxf3 24. Bxf3 Nd3+ 25. Kf1 Qf8 26. dxe6 Bb7 27. Kg2 b4
28. Nb1 Qf6 29. Qe2 Qg5 30. Qe3 Qxe3 31. fxe3 Bxf3+ 32. Kxf3 Rf8+ 33. Kg2 Rf2+
34. Kh3 Rxb2 35. Rf1 c3 36. Rf7+ Kh6 37. Rxe7 Nf2+ 38. Kg2 Ne4+ 39. Kf3 c2 40.
Rc7 Ng5+ 41. Kg4 Nxe6 42. Rc6 Rxb1 43. Raa6 b3 44. Rc3 c1=Q 0-1

[Event "5th EuroChamp"]
[Site "?"]
[Date "2004.05.20"]
[Round "5.22"]
[White "Grunberg, Mihai-Lucian"]
[Black "Radulski, Julian"]
[Result "1-0"]
[WhiteElo "2401"]
[BlackElo "2497"]
[PlyCount "77"]
[EventDate "2004.??.??"]

1. d4 d5 2. Nf3 c6 3. g3 Bg4 4. Bg2 Nd7 5. O-O e6 6. b3 Ngf6 7. c4 Be7 8. Bb2
O-O 9. Nc3 Qa5 10. a3 dxc4 11. bxc4 Rfd8 12. Qb3 Qb6 13. Qxb6 Nxb6 14. Ne5 Rxd4
15. Nd5 cxd5 16. Bxd4 Bxe2 17. Rfb1 Bxc4 18. Nxc4 Nxc4 19. Rxb7 Bxa3 20. Rc7
Rd8 21. Rxc4 dxc4 22. Bxf6 gxf6 23. Rxa3 Rc8 24. Rxa7 c3 25. Ra1 Kf8 26. Kf1
Rb8 27. Rc1 Rb3 28. Ke2 Ke7 29. Kd1 Rb2 30. Rc2 f5 31. Rxb2 cxb2 32. Kc2 f4 33.
gxf4 e5 34. fxe5 Ke6 35. Be4 Kxe5 36. Bxh7 Kf4 37. Bg8 Kg4 38. Bxf7 Kh3 39.
Be6+ 1-0

[Event "5th EuroChamp"]
[Site "?"]
[Date "2004.05.20"]
[Round "5.24"]
[White "Nedev, Trajce"]
[Black "Thorfinnsson, Bjorn"]
[Result "1-0"]
[WhiteElo "2489"]
[BlackElo "2345"]
[PlyCount "75"]
[EventDate "2004.??.??"]

1. e4 e5 2. Nf3 Nc6 3. d4 exd4 4. Nxd4 Bc5 5. Be3 Qf6 6. c3 Qg6 7. Nd2 Nf6 8.
Be2 Nxd4 9. cxd4 Bb4 10. O-O Bxd2 11. Bxd2 Nxe4 12. Bd3 f5 13. Bb4 a5 14. Ba3
d6 15. Rc1 Kd8 16. Qc2 Qf7 17. Bc4 Qd7 18. f3 Nf6 19. Be6 Qc6 20. Qd2 Bxe6 21.
Rxc6 bxc6 22. b3 h6 23. Bb2 Nd5 24. Rc1 Kd7 25. Rc4 Rhe8 26. Ra4 Nb6 27. d5
Bxd5 28. Rxa5 Rxa5 29. Qxa5 Ra8 30. Qc3 Rxa2 31. Qxg7+ Kc8 32. Qxh6 Kb7 33. Qg7
Bxb3 34. h4 Nd5 35. Bc1 Re2 36. h5 f4 37. h6 Re1+ 38. Kh2 1-0

[Event "5th EuroChamp"]
[Site "?"]
[Date "2004.05.20"]
[Round "5.25"]
[White "Mastrovasilis, Athanasios"]
[Black "Mamedjarova, Zeinab"]
[Result "1-0"]
[WhiteElo "2488"]
[BlackElo "2343"]
[PlyCount "93"]
[EventDate "2004.??.??"]

1. d4 e6 2. Nf3 d5 3. c4 c5 4. e3 Nf6 5. cxd5 exd5 6. Bb5+ Bd7 7. Bxd7+ Nbxd7
8. dxc5 Bxc5 9. O-O O-O 10. Nc3 Nb6 11. b3 Qe7 12. Bb2 Rac8 13. Nb5 a6 14. Nbd4
Qe4 15. Ne2 Nfd7 16. Ng3 Qe8 17. b4 Be7 18. Nf5 f6 19. N3d4 Kh8 20. Qg4 Rg8 21.
Ne6 Rc6 22. Ned4 Rc4 23. a3 Bf8 24. Rad1 g6 25. Ng3 Bg7 26. Nge2 f5 27. Qg3 Rc8
28. Ba1 Qf7 29. Nf4 Rge8 30. Nf3 Bxa1 31. Rxa1 Kg8 32. Rfd1 Nf6 33. Ng5 Qe7 34.
Nge6 Rc4 35. Nc5 Rc8 36. Qf3 Rc6 37. g3 Rd6 38. Rac1 Qf7 39. Qe2 Rxc1 40. Rxc1
Rc6 41. Rd1 Qc7 42. Qb2 g5 43. Nfe6 Qe7 44. Nd4 Rc8 45. Nxf5 Qf8 46. Ne6 Nc4
47. Qa1 1-0

[Event "5th EuroChamp"]
[Site "?"]
[Date "2004.05.20"]
[Round "5.27"]
[White "Mazi, Leon"]
[Black "Bayram, Yakup"]
[Result "1/2-1/2"]
[WhiteElo "2417"]
[BlackElo "2292"]
[PlyCount "160"]
[EventDate "2004.??.??"]

1. e4 e5 2. Nf3 Nc6 3. Bb5 a6 4. Ba4 d6 5. Bxc6+ bxc6 6. d4 f6 7. h3 g6 8. O-O
Bg7 9. Re1 Ne7 10. Nc3 O-O 11. Be3 Kh8 12. Qd2 Be6 13. Rad1 Qb8 14. b3 Bg8 15.
Na4 c5 16. dxc5 d5 17. Bh6 Bxh6 18. Qxh6 dxe4 19. Rxe4 Bd5 20. Rh4 Rf7 21. Qd2
Bc6 22. Qc3 Qe8 23. Re1 Kg8 24. Nb2 Rd8 25. Nh2 Nf5 26. Rc4 h5 27. Nd3 Rfd7 28.
a4 g5 29. Nb4 Rd1 30. Nxc6 Qxc6 31. Nf1 Nh4 32. f3 Ng6 33. Rce4 Nf4 34. Qc4+
Kg7 35. Kh2 h4 36. a5 R8d7 37. b4 R7d5 38. Ne3 Rxe1 39. Nf5+ Kf8 40. Rxe1 Rd2
41. Qe4 Qxe4 42. fxe4 Nxg2 43. Ra1 Ne1+ 44. Kg1 Nf3+ 45. Kf1 g4 46. hxg4 h3 47.
b5 Rg2 48. b6 Nd2+ 49. Ke1 h2 50. Ng3 cxb6 51. axb6 Nf3+ 52. Kf1 Rg1+ 53. Kf2
Nd4 54. c3 Nc6 55. Rxg1 hxg1=Q+ 56. Kxg1 a5 57. Ne2 a4 58. Kf2 Ke7 59. Ke3 Kd7
60. Nc1 Na5 61. Kd3 Kc6 62. Na2 Kxc5 63. Nb4 Kxb6 64. Nd5+ Kb5 65. Kc2 a3 66.
Kb1 Nb3 67. Nxf6 Kc4 68. g5 Nc5 69. Ka2 Kxc3 70. Kxa3 Ne6 71. g6 Ng7 72. Ka4
Kc4 73. Ka5 Kc5 74. Ka6 Kc6 75. Ka7 Kc7 76. Ng4 Kd6 77. Kb6 Ke6 78. Kc6 Nh5 79.
Kc7 Ng3 80. Nxe5 Kf6 1/2-1/2

[Event "5th EuroChamp"]
[Site "?"]
[Date "2004.05.20"]
[Round "5.29"]
[White "Erdogdu, Mert"]
[Black "Aleskerov, Faik"]
[Result "1-0"]
[WhiteElo "2369"]
[BlackElo "2167"]
[PlyCount "159"]
[EventDate "2004.??.??"]

1. e4 g6 2. d4 Bg7 3. Nf3 c6 4. Nc3 d5 5. h3 dxe4 6. Nxe4 Nf6 7. Nxf6+ exf6 8.
Bc4 O-O 9. O-O Qc7 10. a4 a5 11. Re1 Rd8 12. c3 Na6 13. Re4 Bf5 14. Bf4 Qd7 15.
Re2 b5 16. Bb3 Nc7 17. Bxc7 Qxc7 18. Nh4 Bc8 19. Qd3 b4 20. Rae1 Ba6 21. Bc4
Bxc4 22. Qxc4 Bf8 23. Nf3 Qd7 24. Rd1 Qd5 25. Qd3 Qb3 26. c4 Qxa4 27. b3 Qa3
28. Qb1 a4 29. Rd3 axb3 30. Rxb3 Qa6 31. Qc2 c5 32. d5 Re8 33. Rd2 Bd6 34. Rd1
Qa2 35. Rb2 Qa4 36. Qd3 Re4 37. Rbb1 Qe8 38. Ra1 f5 39. Kf1 Qb8 40. Qb3 Ra7 41.
Ng5 Ree7 42. Nf3 Re4 43. Ng5 Rd4 44. Re1 h6 45. Nf3 Re4 46. Reb1 Qa8 47. Rxa7
Qxa7 48. Nd2 Re8 49. Re1 Rxe1+ 50. Kxe1 Qa1+ 51. Ke2 Bf4 52. Qd3 Qb2 53. g3 Be5
54. Kf3 Bd6 55. Nb3 f4 56. gxf4 Kg7 57. Nd2 Qc1 58. Qe3 Qh1+ 59. Ke2 Qh2 60.
Ne4 Bxf4 61. Qxc5 b3 62. Qb6 Be5 63. Qxb3 Qh1 64. Qd3 f5 65. Nc5 Qc1 66. Ne6+
Kf6 67. c5 Bc3 68. Qd1 Qb2+ 69. Kf1 Qb5+ 70. Kg1 Be5 71. c6 Qc4 72. Qd2 f4 73.
Nf8 Bd6 74. Nd7+ Kf7 75. Nb6 Qb3 76. Qd4 f3 77. Qe4 Kf6 78. Qe6+ Kg7 79. Qd7+
Kg8 80. Qxd6 1-0

[Event "5th EuroChamp"]
[Site "?"]
[Date "2004.05.20"]
[Round "5.30"]
[White "Atakisi, Umut"]
[Black "Klinova, Masha"]
[Result "1/2-1/2"]
[WhiteElo "2344"]
[BlackElo "2436"]
[PlyCount "80"]
[EventDate "2004.??.??"]

1. e4 d6 2. d4 Nf6 3. Nc3 g6 4. Bg5 Bg7 5. Qd2 Nbd7 6. f4 O-O 7. Nf3 a6 8. e5
Ne8 9. O-O-O b5 10. Bd3 Nb6 11. h3 f6 12. exf6 exf6 13. Bh4 d5 14. g4 Nd6 15.
f5 g5 16. Bg3 b4 17. Ne2 a5 18. h4 Nbc4 19. Qe1 Ne4 20. hxg5 Nxg5 21. Nxg5 fxg5
22. Qf2 h6 23. Qh2 Qe7 24. Bxc4 dxc4 25. Be5 Bb7 26. Bxg7 Qxg7 27. d5 Ra6 28.
Ng3 Qe5 29. Rhe1 Qf4+ 30. Kb1 Qxg4 31. d6 cxd6 32. Qxh6 d5 33. Qh2 d4 34. Rd2
Qh4 35. Qf2 Qf4 36. Re7 Qxf2 37. Rxf2 Rf7 38. Re8+ Rf8 39. Re7 Rf7 40. Re8+ Rf8
1/2-1/2

[Event "5th EuroChamp"]
[Site "?"]
[Date "2004.05.20"]
[Round "5.31"]
[White "Haznedaroglu, Kivanc"]
[Black "Bente, Bjoern"]
[Result "1-0"]
[WhiteElo "2395"]
[BlackElo "2219"]
[PlyCount "87"]
[EventDate "2004.??.??"]

1. e4 e6 2. d4 d5 3. Nc3 Bb4 4. e5 c5 5. a3 Bxc3+ 6. bxc3 Qa5 7. Bd2 Qa4 8. Qg4
g6 9. h4 h5 10. Qd1 b6 11. Rb1 Ba6 12. Bxa6 Qxa6 13. Ne2 Nc6 14. O-O Nge7 15.
Bg5 c4 16. Bf6 Rg8 17. a4 Qb7 18. Qd2 O-O-O 19. Rb5 Rde8 20. Rfb1 Qc7 21. Qc1
Kd7 22. Nf4 Rb8 23. Nh3 Nf5 24. Qf4 a6 25. R5b2 b5 26. axb5 Rxb5 27. Rxb5 axb5
28. Rxb5 Rb8 29. Rxb8 Qxb8 30. Qc1 Nce7 31. Ng5 Ng8 32. Nxf7 Qf8 33. Qa1 Nxf6
34. exf6 Ke8 35. Ne5 Qxf6 36. Qa4+ Ke7 37. Qd7+ Kf8 38. Qh7 Qg7 39. Nxg6+ Kf7
40. Ne5+ Kf6 41. Qxh5 Nd6 42. Qf3+ Ke7 43. g4 Qh6 44. g5 1-0